[Event "HUN-chT U18"]
[Site "Budapest"]
[Date "2012.10.28"]
[Round "1.5"]
[White "Rescsik, Dora"]
[Black "Zsigrai, Ildiko Klara"]
[Result "1-0"]
[WhiteElo "1240"]
[BlackElo "1636"]
[PlyCount "57"]
[EventDate "2012.10.28"]
[EventType "team-swiss"]
[EventRounds "8"]
[EventCountry "HUN"]
[SourceTitle "EXT 2020"]
[Source "ChessBase"]
[SourceDate "2019.10.17"]
[SourceVersion "1"]
[SourceVersionDate "2019.10.17"]
[SourceQuality "1"]

1. e4 c6 2. Nc3 d5 3. exd5 cxd5 4. d4 Nf6 5. Bd3 Nc6 6. Nf3 Bg4 7. Be3 Qb6 8. Rb1 e6 9. h3 Bh5 10. Be2 Bd6 11. Ne5 Bxe2 12. Qxe2 Nxd4 13. Bxd4 Qxd4 14. Qb5+ Kf8 15. Nf3 Qc5 16. Ng5 b6 17. Qa6 Rc8 18. Qxa7 Rc7 19. Qa8+ Ne8 20. 0-0 h6 21. Nf3 Ke7 22. Rfe1 Rf8 23. Nxd5+ Kd7 24. Nxc7 Nxc7 25. Qa4+ b5 26. Qb3 Nd5 27. Rbd1 Rc8 28. c3 Qc6 29. Re5 1-0

[Event "HUN-chT U18"]
[Site "Miskolc"]
[Date "2011.11.05"]
[Round "6.6"]
[White "Kovacs, Bence"]
[Black "Zsigrai, Ildiko Klara"]
[Result "0-1"]
[WhiteElo "1631"]
[BlackElo "1647"]
[PlyCount "106"]
[EventDate "2011.11.02"]
[EventType "team-swiss"]
[EventRounds "8"]
[EventCountry "HUN"]
[SourceTitle "EXT 2012"]
[Source "ChessBase"]
[SourceDate "2011.11.24"]
[SourceVersion "1"]
[SourceVersionDate "2011.11.24"]
[SourceQuality "1"]
[WhiteTeam "Geniusz Tata"]
[BlackTeam "Toth Laszlo"]
[WhiteTeamCountry "HUN"]
[BlackTeamCountry "HUN"]

1. e4 c6 2. d4 d5 3. Nd2 dxe4 4. Nxe4 Bf5 5. Ng3 Bg6 6. f4 e6 7. h4 h6 8. h5 Bh7 9. Nf3 Nf6 10. Bd3 Bxd3 11. Qxd3 Be7 12. Bd2 Nbd7 13. 0-0-0 Qc7 14. Ne5 Nxe5 15. fxe5 Nd7 16. Rhf1 0-0-0 17. Qe2 f6 18. Bf4 fxe5 19. Bxe5 Nxe5 20. Qxe5 Qxe5 21. dxe5 Bg5+ 22. Kb1 Rxd1+ 23. Rxd1 Bf4 24. Ne4 Bxe5 25. Nc5 Re8 26. Re1 Bd6 27. Rxe6 Rf8 28. Nd3 Rf1+ 29. Re1 Rxe1+ 30. Nxe1 Kd7 31. Kc1 Ke6 32. Kd2 Kf5 33. Ke3 Kg5 34. Kf3 Kxh5 35. Nd3 Kg5 36. Nf2 Kf5 37. g4+ Ke6 38. Ke4 g6 39. Nd3 Kf6 40. Nf4 Bxf4 41. Kxf4 h5 42. gxh5 gxh5 43. c3 b5 44. Kg3 Kg5 45. Kh3 h4 46. Kh2 Kg4 47. Kg2 a5 48. c4 Kf4 49. cxb5 cxb5 50. Kh3 Ke4 51. Kxh4 Kd3 52. a4 bxa4 53. Kg3 Kc2 0-1

[Event "HUN-ch U14 Girls"]
[Site "Celldoemoelk"]
[Date "2011.06.30"]
[Round "4"]
[White "Korosi, Eszter"]
[Black "Zsigrai, Ildiko Klara"]
[Result "0-1"]
[WhiteElo "1494"]
[BlackElo "1670"]
[PlyCount "80"]
[EventDate "2011.06.27"]
[EventType "tourn"]
[EventRounds "7"]
[EventCountry "HUN"]
[SourceTitle "EXT 2012"]
[Source "ChessBase"]
[SourceDate "2011.11.24"]
[SourceVersion "1"]
[SourceVersionDate "2011.11.24"]
[SourceQuality "1"]

1. e4 c6 2. Nc3 d5 3. Nf3 dxe4 4. Nxe4 Bf5 5. Ng3 Bg6 6. Bc4 Nf6 7. Ne5 e6 8. d3 Bd6 9. Nxg6 hxg6 10. 0-0 0-0 11. Qf3 Nbd7 12. d4 Qc7 13. Be3 Rfd8 14. h3 c5 15. b3 Nb6 16. Bd3 cxd4 17. Bxd4 Bxg3 18. Bxf6 Bh2+ 19. Kh1 gxf6 20. g3 Bxg3 21. fxg3 Nd5 22. c4 Nb4 23. Be4 Nc6 24. Bxc6 Qxc6 25. Qxc6 bxc6 26. Rxf6 Rab8 27. Raf1 Rb7 28. R1f2 Rd3 29. Kg2 Rbd7 30. R6f3 Kg7 31. g4 Rxf3 32. Rxf3 g5 33. a3 Rd2+ 34. Rf2 Rxf2+ 35. Kxf2 Kf6 36. Ke3 Ke5 37. a4 c5 38. Kd3 a5 39. Ke3 f5 40. gxf5 exf5 0-1

[Event "HUN-ch U14 Girls"]
[Site "Celldoemoelk"]
[Date "2011.06.29"]
[Round "3"]
[White "Zsigrai, Ildiko Klara"]
[Black "Acs, Petra"]
[Result "0-1"]
[WhiteElo "1670"]
[BlackElo "1604"]
[PlyCount "210"]
[EventDate "2011.06.27"]
[EventType "tourn"]
[EventRounds "7"]
[EventCountry "HUN"]
[SourceTitle "EXT 2012"]
[Source "ChessBase"]
[SourceDate "2011.11.24"]
[SourceVersion "1"]
[SourceVersionDate "2011.11.24"]
[SourceQuality "1"]

1. d4 d5 2. c4 e6 3. Nc3 Nf6 4. Nf3 Be7 5. Bg5 h6 6. Bh4 0-0 7. e3 b6 8. cxd5 Nxd5 9. Nxd5 exd5 10. Bg3 Bb7 11. Bd3 Bd6 12. 0-0 Bxg3 13. hxg3 Nd7 14. Rc1 c6 15. Bb1 Qe7 16. Qd3 Nf6 17. Rc3 Rac8 18. Rfc1 Rc7 19. Qe2 Rfc8 20. Bf5 Rd8 21. Ne5 c5 22. b3 Bc8 23. Bd3 Bb7 24. Nf3 Ne4 25. Bxe4 dxe4 26. Ne1 Rdc8 27. Qc2 Bd5 28. f3 Kf8 29. Qd2 Qd6 30. Kf2 Qe7 31. dxc5 Bb7 32. cxb6 axb6 33. Rxc7 Rxc7 34. Rxc7 Qxc7 35. fxe4 Kg8 36. Qd4 b5 37. b4 Qe7 38. e5 Qc7 39. a3 Qc8 40. Qd3 Bc6 41. Nf3 Qb7 42. Nd4 Bd7 43. Nb3 Bc6 44. Nc5 Qa8 45. e4 Qc8 46. Nb3 Bd7 47. Qd5 Be8 48. Nd4 Qb8 49. Qd6 Qa8 50. Qd5 Qb8 51. e6 Qb6 52. e7 Qf6+ 53. Nf5 Qb2+ 54. Kg1 Qc1+ 55. Kh2 Qg5 56. Qd8 Qh5+ 57. Nh4 f6 58. Qd5+ Qf7 59. Nf5 Qxd5 60. exd5 Kf7 61. d6 h5 62. Kg1 g6 63. Nd4 f5 64. Kf2 Kf6 65. Ke3 Ke5 66. Nb3 Kxd6 67. Kd4 Bd7 68. Nd2 Be8 69. Nf3 Kxe7 70. Ke5 Bc6 71. Nd4 Be8 72. Kd5 Kf6 73. Nf3 Bd7 74. Nd4 Kg5 75. Kd6 Bc8 76. Nxb5 Kg4 77. Nc7 Bb7 78. Nd5 Kxg3 79. a4 Kxg2 80. Nf4+ Kg3 81. Nxg6 h4 82. Nxh4 Kxh4 83. b5 f4 84. a5 f3 85. a6 Ba8 86. b6 f2 87. b7 Bxb7 88. axb7 f1Q 89. Kc6 Qc4+ 90. Kb6 Qb4+ 91. Kc6 Kg5 92. Kc7 Qc5+ 93. Kd7 Qb6 94. Kc8 Qc6+ 95. Kb8 Kf5 96. Ka7 Qa4+ 97. Kb6 Qb4+ 98. Ka7 Qa5+ 99. Kb8 Ke5 100. Kc8 Qc5+ 101. Kd8 Qb6+ 102. Kc8 Qc6+ 103. Kb8 Kd6 104. Ka7 Qa4+ 105. Kb6 Qb4+ 0-1

[Event "HUN-chT U18"]
[Site "Miskolc"]
[Date "2010.11.02"]
[Round "1.7"]
[White "Csorsz, Ferenc Jr"]
[Black "Zsigrai, Ildiko Klara"]
[Result "1/2-1/2"]
[WhiteElo "1921"]
[BlackElo "1637"]
[PlyCount "67"]
[EventDate "2010.11.02"]
[EventType "team-swiss"]
[EventRounds "8"]
[EventCountry "HUN"]
[SourceTitle "EXT 2016"]
[Source "ChessBase"]
[SourceDate "2015.10.08"]
[SourceVersion "1"]
[SourceVersionDate "2015.10.08"]
[SourceQuality "1"]

1. e4 e5 2. Nf3 d6 3. d4 Nc6 4. dxe5 Nxe5 5. Nxe5 dxe5 6. Qxd8+ Kxd8 7. Bc4 Ke8 8. Nc3 Nf6 9. Nb5 Bd6 10. f3 Ke7 11. Bg5 Be6 12. Bxe6 Kxe6 13. Bxf6 Kxf6 14. Nxd6 cxd6 15. Rd1 Ke6 16. Ke2 Rhd8 17. Rd5 Rac8 18. c3 Rc5 19. Rhd1 Rxd5 20. Rxd5 g6 21. c4 b6 22. f4 f6 23. g3 Rc8 24. b3 g5 25. Kf3 Rg8 26. f5+ Ke7 27. h3 h6 28. Ke3 g4 29. h4 Rc8 30. Kd3 Rc5 31. b4 Rxd5+ 32. cxd5 b5 33. a4 a6 34. a5 1/2-1/2

[Event "HUN-ch U12 Girls"]
[Site "Balatonlelle"]
[Date "2009.07.05"]
[Round "9"]
[White "Gombos, Bettina"]
[Black "Zsigrai, Ildiko Klara"]
[Result "1/2-1/2"]
[WhiteElo "1710"]
[BlackElo "1550"]
[PlyCount "35"]
[EventDate "2009.06.27"]
[EventType "swiss"]
[EventRounds "9"]
[EventCountry "HUN"]
[SourceTitle "EXT 2011"]
[Source "ChessBase"]
[SourceDate "2010.11.26"]
[SourceVersion "1"]
[SourceVersionDate "2010.11.26"]
[SourceQuality "1"]

1. e4 Nc6 2. Nf3 d6 3. d4 Nf6 4. Nc3 Bg4 5. Be2 e5 6. Be3 g6 7. 0-0 Bg7 8. h3 Bxf3 9. Bxf3 0-0 10. d5 Ne7 11. Qd2 Nd7 12. Bg5 f6 13. Be3 f5 14. Bg5 Bf6 15. Bh6 Bg7 16. Bg5 Nf6 17. Rad1 Qd7 18. Bxf6 1/2-1/2

[Event "HUN-ch U12 Girls"]
[Site "Balatonlelle"]
[Date "2009.07.01"]
[Round "5"]
[White "Shan, He Jia Rita"]
[Black "Zsigrai, Ildiko Klara"]
[Result "0-1"]
[WhiteElo "1481"]
[BlackElo "1550"]
[PlyCount "94"]
[EventDate "2009.06.27"]
[EventType "swiss"]
[EventRounds "9"]
[EventCountry "HUN"]
[SourceTitle "EXT 2011"]
[Source "ChessBase"]
[SourceDate "2010.11.26"]
[SourceVersion "1"]
[SourceVersionDate "2010.11.26"]
[SourceQuality "1"]

1. e4 c5 2. Nc3 d6 3. g3 Nf6 4. Bg2 g6 5. f4 Bg7 6. Nf3 0-0 7. 0-0 Nc6 8. d3 a6 9. a4 Qc7 10. Be3 b6 11. Qd2 Ng4 12. Nd5 Qd8 13. Rab1 e6 14. Nc3 Bb7 15. Bf2 Nxf2 16. Rxf2 Nd4 17. Rff1 Qc7 18. Rfe1 Rfe8 19. Kh1 Rad8 20. Nxd4 Bxd4 21. Qe2 Re7 22. Qg4 Rde8 23. Rf1 Bg7 24. Rf2 d5 25. Rbf1 dxe4 26. dxe4 Rd8 27. f5 exf5 28. exf5 Bxg2+ 29. Rxg2 Qc6 30. Qf4 Bxc3 31. bxc3 Re2 32. Rf3 Rd1+ 33. Rg1 Ree1 34. Rxe1 Rxe1+ 35. Kg2 Qf6 36. Qb8+ Kg7 37. g4 Re2+ 38. Kh3 Rxc2 39. Kg3 Rxc3 40. Qb7 Rxf3+ 41. Qxf3 Qe5+ 42. Kh3 gxf5 43. gxf5 Kf6 44. Kg2 Qxf5 45. Qc6+ Qe6 46. Qf3+ Kg7 47. Qc3+ Qf6 0-1

[Event "HUN-chT U18"]
[Site "Miskolc"]
[Date "2008.10.29"]
[Round "5.10"]
[White "Zsigrai, Ildiko Klara"]
[Black "Bodi, Tibor"]
[Result "1/2-1/2"]
[WhiteElo "1553"]
[BlackElo "1867"]
[PlyCount "91"]
[EventDate "2008.10.27"]
[EventType "team-swiss"]
[EventRounds "8"]
[EventCountry "HUN"]
[SourceTitle "EXT 2016"]
[Source "ChessBase"]
[SourceDate "2015.10.08"]
[SourceVersion "1"]
[SourceVersionDate "2015.10.08"]
[SourceQuality "1"]

1. d4 f5 2. c4 Nf6 3. Nf3 g6 4. Nc3 Bg7 5. Bf4 0-0 6. e3 d6 7. Be2 Qe8 8. 0-0 b6 9. h3 Nbd7 10. b4 e5 11. dxe5 dxe5 12. Bg3 c6 13. Qb3 e4 14. Ng5 Ne5 15. Bxe5 Qxe5 16. c5+ Nd5 17. Nxd5 cxd5 18. Rad1 Rd8 19. Bc4 Be6 20. Nxe6 dxc4 21. Qxc4 Rxd1 22. Rxd1 Kh8 23. Rd8+ Rxd8 24. Nxd8 Qa1+ 25. Kh2 h6 26. Qf7 Be5+ 27. g3 Bg7 28. Qxg6 Qxa2 29. Qxf5 Qc4 30. Ne6 Qxb4 31. Nxg7 Kxg7 32. Qd7+ Kf6 33. Qd6+ Kg7 34. Kg2 a5 35. Qe5+ Kg6 36. h4 a4 37. Qa1 a3 38. Qa2 Kg7 39. Qa1+ Qb2 40. Qd1 a2 41. Qg4+ Kh8 42. Qc8+ Kg7 43. Qd7+ Kg6 44. Qe8+ Kg7 45. Qe7+ Kg6 46. Qe8+ 1/2-1/2

[Event "HUN-chT U18"]
[Site "Miskolc"]
[Date "2008.10.27"]
[Round "1.17"]
[White "Zsigrai, Ildiko Klara"]
[Black "Hatala, Csaba Laszlo"]
[Result "0-1"]
[WhiteElo "1553"]
[BlackElo "1992"]
[PlyCount "48"]
[EventDate "2008.10.27"]
[EventType "team-swiss"]
[EventRounds "8"]
[EventCountry "HUN"]
[SourceTitle "EXT 2016"]
[Source "ChessBase"]
[SourceDate "2015.10.08"]
[SourceVersion "1"]
[SourceVersionDate "2015.10.08"]
[SourceQuality "1"]

1. d4 Nf6 2. c4 c5 3. Nf3 g6 4. Nc3 Bg7 5. e3 0-0 6. Be2 cxd4 7. Nxd4 Nc6 8. Nxc6 bxc6 9. 0-0 d5 10. cxd5 cxd5 11. Bf3 Bb7 12. Bd2 e5 13. Rc1 Rb8 14. Re1 Qe7 15. b3 Rfd8 16. Qe2 Qd7 17. h3 Qe7 18. Red1 e4 19. Bg4 h5 20. Bxh5 Nxh5 21. Na4 d4 22. exd4 Bxd4 23. Ba5 e3 24. fxe3 Bxe3+ 0-1